UBT Library

ENCYCLOPEDIA OF CHEMICAL TECHNOLOGY (Record no. 20092)

000 -LEADER
fixed length control field 00305nam a22001337a 4500
008 - FIXED-LENGTH DATA ELEMENTS--GENERAL INFORMATION
fixed length control field 170707b xxu||||| |||| 00| 0 eng d
020 ## - INTERNATIONAL STANDARD BOOK NUMBER
International Standard Book Number 0471020746
041 ## - LANGUAGE CODE
Language code of text/sound track or separate title eng
080 ## - UNIVERSAL DECIMAL CLASSIFICATION NUMBER
Edition identifier 3RD
Universal Decimal Classification number 003
100 ## - Rafti
Rafti 23
101 ## - Shkurtesa
Shkurtesa ENC
245 ## - TITLE STATEMENT
Title ENCYCLOPEDIA OF CHEMICAL TECHNOLOGY
Statement of responsibility, etc MARK,H.F
942 ## - ADDED ENTRY ELEMENTS (KOHA)
Source of classification or shelving scheme
Item type Books
Holdings
Withdrawn status Lost status Source of classification or shelving scheme Damaged status Not for loan Collection code Permanent location Current location Shelving location Date acquired Total Checkouts Full call number Barcode Date last seen Price effective from Koha item type
          Koleksioni i përgjithshem UBT - Lipjan UBT - Lipjan Koleksioni i përgjithshem 07/07/2017   003 MAR 002-2909272 07/07/2017 07/07/2017 Books
          Koleksioni i përgjithshem UBT - Lipjan UBT - Lipjan Koleksioni i përgjithshem 07/07/2017   003 MAR 002-2909277 07/07/2017 07/07/2017 Books
          Koleksioni i përgjithshem UBT - Lipjan UBT - Lipjan Koleksioni i përgjithshem 07/07/2017   003 MAR 002-290725 07/07/2017 07/07/2017 Books
          Koleksioni i përgjithshem UBT - Lipjan UBT - Lipjan Koleksioni i përgjithshem 07/07/2017   003 MAR 002-290720 07/07/2017 07/07/2017 Books
          Koleksioni i përgjithshem UBT - Lipjan UBT - Lipjan Koleksioni i përgjithshem 07/07/2017   003 MAR 002-2909715 07/07/2017 07/07/2017 Books
          Koleksioni i përgjithshem UBT - Lipjan UBT - Lipjan Koleksioni i përgjithshem 07/07/2017   003 MAR 002-2909710 07/07/2017 07/07/2017 Books
          Koleksioni i përgjithshem UBT - Lipjan UBT - Lipjan Koleksioni i përgjithshem 07/07/2017   003 MAR 002-2909705 07/07/2017 07/07/2017 Books
          Koleksioni i përgjithshem UBT - Lipjan UBT - Lipjan Koleksioni i përgjithshem 07/07/2017   003 MAR 002-2909700 07/07/2017 07/07/2017 Books
          Koleksioni i përgjithshem UBT - Lipjan UBT - Lipjan Koleksioni i përgjithshem 07/07/2017   003 MAR 002-2909695 07/07/2017 07/07/2017 Books
          Koleksioni i përgjithshem UBT - Lipjan UBT - Lipjan Koleksioni i përgjithshem 07/07/2017   003 MAR 002-2909690 07/07/2017 07/07/2017 Books
          Koleksioni i përgjithshem UBT - Lipjan UBT - Lipjan Koleksioni i përgjithshem 07/07/2017   003 MAR 002-2909685 07/07/2017 07/07/2017 Books
          Koleksioni i përgjithshem UBT - Lipjan UBT - Lipjan Koleksioni i përgjithshem 07/07/2017   003 MAR 002-2909680 07/07/2017 07/07/2017 Books
          Koleksioni i përgjithshem UBT - Lipjan UBT - Lipjan Koleksioni i përgjithshem 07/07/2017   003 MAR 002-2909675 07/07/2017 07/07/2017 Books
          Koleksioni i përgjithshem UBT - Lipjan UBT - Lipjan Koleksioni i përgjithshem 07/07/2017   003 MAR 002-2909670 07/07/2017 07/07/2017 Books
          Koleksioni i përgjithshem UBT - Lipjan UBT - Lipjan Koleksioni i përgjithshem 07/07/2017   003 MAR 002-2909183 07/07/2017 07/07/2017 Books
          Koleksioni i përgjithshem UBT - Lipjan UBT - Lipjan Koleksioni i përgjithshem 07/07/2017   003 MAR 002-2909188 07/07/2017 07/07/2017 Books
          Koleksioni i përgjithshem UBT - Lipjan UBT - Lipjan Koleksioni i përgjithshem 07/07/2017   003 MAR 002-2909193 07/07/2017 07/07/2017 Books
          Koleksioni i përgjithshem UBT - Lipjan UBT - Lipjan Koleksioni i përgjithshem 07/07/2017   003 MAR 002-2909198 07/07/2017 07/07/2017 Books
          Koleksioni i përgjithshem UBT - Lipjan UBT - Lipjan Koleksioni i përgjithshem 07/07/2017   003 MAR 002-2909203 07/07/2017 07/07/2017 Books
          Koleksioni i përgjithshem UBT - Lipjan UBT - Lipjan Koleksioni i përgjithshem 07/07/2017   003 MAR 002-2909208 07/07/2017 07/07/2017 Books
          Koleksioni i përgjithshem UBT - Lipjan UBT - Lipjan Koleksioni i përgjithshem 07/07/2017   003 MAR 002-2909213 07/07/2017 07/07/2017 Books
UBT Library © 2015-2024. All rights reserved University Education for Business and Technology